Online
Catalog

Bodas de sangre ; (Record no. 22156)

MARC details
000 -CABECERA
campo de control de longitud fija 01088nam a2200289 a 4500
001 - NÚMERO DE CONTROL
campo de control 000022659
005 - FECHA Y HORA DE LA ÚLTIMA TRANSACCIÓN
campo de control 20210409114021.0
008 - DATOS DE LONGITUD FIJA--INFORMACIÓN GENERAL
campo de control de longitud fija 101014s1997 es 001 0 spa d
020 ## - NÚMERO INTERNACIONAL ESTÁNDAR DEL LIBRO
Número Internacional Estándar del Libro 8423988015
040 ## - FUENTE DE LA CATALOGACIÓN
Centro catalogador/agencia de origen DO-SdBNP
Lengua de catalogación spa
Centro/agencia transcriptor BNPHU
082 ## - NÚMERO DE LA CLASIFICACIÓN DECIMAL DEWEY
Número de clasificación xxxx
Número de documento/Ítem G216b
049 ## - FONDOS LOCALES (OCLC)
Fondos de biblioteca BNPD
100 ## - ENTRADA PRINCIPAL--NOMBRE DE PERSONA
Nombre de persona García Lorca, Federico,
Fechas asociadas al nombre 1898-1936
9 (RLIN) 14727
245 10 - MENCIÓN DE TÍTULO
Título Bodas de sangre ;
Resto del título La casa de Bernarda Alba ; Romancero gitano ; Poeta en Nueva York ; Llanto por Ignacio Sánchez Méjias ; Diván del Tamarit ; María Pineda ; Libro de poemas /
Mención de responsabilidad, etc. Federico García Lorca.
260 ## - PUBLICACIÓN, DISTRIBUCIÓN, ETC.
Lugar de publicación, distribución, etc. Madrid, :
Nombre del editor, distribuidor, etc. Editorial Espasa Calpe,
Fecha de publicación, distribución, etc. 1997.
Fabricante Huertas
300 ## - DESCRIPCIÓN FÍSICA
Extensión 747 p. ;
Dimensiones 22 cm.
490 1# - MENCIÓN DE SERIE
Mención de serie Antología de la literatura universal
563 ## - NOTA DE ENCUADERNACIÓN
Nota de encuadernación Varias obras empaginadas en páginas continuas
740 2# - PUNTO DE ACCESO ADICIONAL--TÍTULO RELACIONADO O ANALÍTICO NO CONTROLADO
Título relacionado o analítico no controlado La casa de Bernarda Alba
740 2# - PUNTO DE ACCESO ADICIONAL--TÍTULO RELACIONADO O ANALÍTICO NO CONTROLADO
Título relacionado o analítico no controlado Romancero gitano
740 2# - PUNTO DE ACCESO ADICIONAL--TÍTULO RELACIONADO O ANALÍTICO NO CONTROLADO
Título relacionado o analítico no controlado Poeta en Nueva York
740 2# - PUNTO DE ACCESO ADICIONAL--TÍTULO RELACIONADO O ANALÍTICO NO CONTROLADO
Título relacionado o analítico no controlado Llanto por Ignacio Sánchez Méjias
740 2# - PUNTO DE ACCESO ADICIONAL--TÍTULO RELACIONADO O ANALÍTICO NO CONTROLADO
Título relacionado o analítico no controlado Diván del Tamarit
740 2# - PUNTO DE ACCESO ADICIONAL--TÍTULO RELACIONADO O ANALÍTICO NO CONTROLADO
Título relacionado o analítico no controlado María Pineda
740 2# - PUNTO DE ACCESO ADICIONAL--TÍTULO RELACIONADO O ANALÍTICO NO CONTROLADO
Título relacionado o analítico no controlado Libro de poemas
830 #0 - PUNTO DE ACCESO ADICIONAL DE SERIE-TÍTULO UNIFORME
Título uniforme Antología de la literatura universa
9 (RLIN) 46616
Holdings
Estado de retiro Estado de pérdida Restricciones de uso No para préstamo Código de colección Localización permanente Ubicación/localización actual Ubicación en estantería Fecha de adquisición Número de inventario Total de préstamos Signatura topográfica completa Código de barras Fecha visto por última vez Precio válido a partir de Tipo de ítem Koha
        Monografías: Libros y Folletos General General Depósito 14.10.2010 LF1   xxxx G216b 22659-10 25.06.2020 25.06.2020 Préstamo en sala

Powered by Koha